000
00183nam a2200073Ia 4500
008
180219s9999 xx 000 0 und d
100
_a
Ruhela S P
245
0
_a
Futurology Of Education
260
_a
Meerut International
999
_c
41161
_d
41161